UBT Library

Evaluating teachers of writing / (Record no. 41615)

000 -LEADER
fixed length control field 00766cam a2200241 a 4500
001 - CONTROL NUMBER
control field 1107287
005 - DATE AND TIME OF LATEST TRANSACTION
control field 20180202045022.0
008 - FIXED-LENGTH DATA ELEMENTS--GENERAL INFORMATION
fixed length control field 930727s1994 iluc b 001 0 eng
010 ## - LIBRARY OF CONGRESS CONTROL NUMBER
LC control number 93027235
020 ## - INTERNATIONAL STANDARD BOOK NUMBER
International Standard Book Number 0814116213
040 ## - CATALOGING SOURCE
Original cataloging agency DLC
Transcribing agency DLC
Modifying agency DLC
041 ## - LANGUAGE CODE
Language code of text/sound track or separate title eng
043 ## - GEOGRAPHIC AREA CODE
Geographic area code n-us---
080 ## - UNIVERSAL DECIMAL CLASSIFICATION NUMBER
Universal Decimal Classification number 808.04207 HUL
082 00 - DEWEY DECIMAL CLASSIFICATION NUMBER
Classification number 808.04207 HUL
Edition number 20
100 ## - Rafti
Rafti 47
101 ## - Shkurtesa
Shkurtesa EDU
245 00 - TITLE STATEMENT
Title Evaluating teachers of writing /
Statement of responsibility, etc edited by Christine A. Hult.
504 ## - BIBLIOGRAPHY, ETC. NOTE
Bibliography, etc Includes bibliographical references and index.
906 ## - LOCAL DATA ELEMENT F, LDF (RLIN)
a 7
b cbc
c orignew
d 1
e ocip
f 19
g y-gencatlg
942 ## - ADDED ENTRY ELEMENTS (KOHA)
Source of classification or shelving scheme
Item type Books
Holdings
Withdrawn status Lost status Source of classification or shelving scheme Damaged status Not for loan Collection code Permanent location Current location Shelving location Date acquired Total Checkouts Full call number Barcode Date last seen Price effective from Koha item type
          Koleksioni i përgjithshem UBT - Lipjan UBT - Lipjan Koleksioni i përgjithshem 02/02/2018   808.04207 HUL 002-2997458 02/02/2018 02/02/2018 Books
UBT Library © 2015-2024. All rights reserved University Education for Business and Technology